• 首页
  • 本馆介绍
  • 公告通知
  • 最新文献
  • 馆藏检索
  • 电子资源
  • 读者导购
  • 参考咨询
  • 我的图书馆
  • 登录
  • 详细信息显示
  • 放入我的书架
  • 预约/预借图书
  • 作者相关作品
  • 分类相关作品
  • 丛书相关作品
  • 出版社相关作品

书目信息

  • 表格格式
  • 工作单格式
  • 卡片格式
题名:
理财巧方法
    
 
作者: 张建有 著
分册:  
出版信息: 北京   中国商业出版社  2017
页数: 244页
开本: 24cm
丛书名:
单 册:
中图分类: F830.59-49
科图分类:
主题词: 私人投资--通俗读物
电子资源:
ISBN: 978-7-5044-9625-6
000 01316nam0 2200253 450
001 012001000908
005 20140920091302.0
010    @a978-7-5044-9625-6@dCNY39.80
100    @a20170524d2017 em y0chiy50 ea
101 0  @achi
102    @aCN@b110000
105    @ay z 000yy
106    @ar
200 1  @a理财巧方法@9Li Cai Qiao Fang Fa@e草根刘三是怎样炼成的@f张建有著
210    @a北京@c中国商业出版社@d2017
215    @a244页@d24cm
314    @a张建有,男,华北理工大学工业管理专业毕业,经济师,现供职于建设银行河北省衡水分行,从事金融理财、理论研究与实践工作,多次在《建设银行报》、《金融时报》等报刊发表财经文章等。
330    @a本书是一本通俗理财书,以刘三(刘邦)夺取天下的故事为底料,添加理财的佐料,让人们在开心阅读这些演绎的故事中,学到理财知识,通过本书你可以看到刘三是怎样成为首富的,张良得到的是一本什么样的天书,张良、韩信这几个大理财师又是怎样帮刘三的,刘三和项三又是怎样斗智斗勇,怎样最后打败了项三的,戚姬又是怎样规划自己的保障的,当然读者自己的理财目标也有可能在张良的规划书里找到答案,但愿这本书能为你的财富保值增值提供一点帮助。
517 1  @a草根刘三是怎样炼成的@9Cao Gen Liu San Shi Zen Yang Lian Cheng De
606 0  @a私人投资@j通俗读物
690    @aF830.59-49@v5
701  0 @a张建有@9Zhang Jian You@4著
801  0 @aCN@b上海新华@c20180901
905    @b1155517-21@dF830.59-49@e417@f5
    
    理财巧方法:草根刘三是怎样炼成的/张建有著.-北京:中国商业出版社,2017
    244页;24cm
    
    
    ISBN 978-7-5044-9625-6:CNY39.80
    本书是一本通俗理财书,以刘三(刘邦)夺取天下的故事为底料,添加理财的佐料,让人们在开心阅读这些演绎的故事中,学到理财知识,通过本书你可以看到刘三是怎样成为首富的,张良得到的是一本什么样的天书,张良、韩信这几个大理财师又是怎样帮刘三的,刘三和项三又是怎样斗智斗勇,怎样最后打败了项三的,戚姬又是怎样规划自己的保障的,当然读者自己的理财目标也有可能在张良的规划书里找到答案,但愿这本书能为你的财富保值增值提供一点帮助。
●
相关链接 在E读中查询图书 在五车中查询图书 在当当中查询图书 在豆瓣中查询图书


正题名:理财巧方法     索取号:F830.59-49/417         预约/预借

序号 登录号 条形码 馆藏地/架位号 状态 备注
1 1155517   211555173   第一样本阅览室/ [索取号:F830.59-49/417] 在馆    
2 1155518   211555182   密集书库-海洋学院/ [索取号:F830.59-49/417] 在馆    
3 1155519   211555191   第一借阅区/ [索取号:F830.59-49/417] 在馆    
4 1155520   211555208   第一借阅区/ [索取号:F830.59-49/417] 在馆    
5 1155521   211555217   第一借阅区/ [索取号:F830.59-49/417] 在馆    
唐山师范学院图书馆 欢迎您!
大连网信软件有限公司© 版权所有